Jusqu'où irez vous ? #35 (Tapez le bon chiffre) - Statistiques

Statistiques générales
  • Ce quiz a été pris 101 fois
  • Le résultat moyen est 15 sur 80
Statistiques - réponses
Hint Réponse % Correct
née le 18 octobre 1957 = ?ine Ringer 4 (Catherine)
100%
né le 24 novembre 1958 = Al? Chabat 1 (Alain)
97%
né le 27 décembre 1948 = Gérard ?pardieu 2 (Depardieu)
97%
née le 13 avril 1519 = Catherine de Médi? 6 (Médicis)
96%
né le 17 août 1943 = Robert ? Niro 2 (De Niro)
95%
né le 12 juillet 1937 = Lionel Josp? 1 (Jospin)
78%
né le 14 novembre 1953 = Dominique ? Villepin 2 (de Villepin)
78%
né le 14 août 1974 = Tomer ?ley 6 (Sisley)
78%
né le 5 novembre 1938 = Joe Dass? 1 (Dassin)
43%
né le 1er août 1977 = Damien 1? 6 (Saez)
43%
née le 24 mars 1977 = Jessica Chast? 1 (Chastain)
42%
né le 27 octobre 1980 = ? Gueko 7 (Seth)
39%
né le 12 mai 1942 = Michel Fug? 1 (Fugain)
34%
né le 14 avril 1452 = Léonard de ?0ci 2 (Vinci)
34%
né vers 1130 = Chrétien de ? 3 (Troyes)
34%
né le 8 décembre 1968 = Philippe ?ine 4 (Katerine)
34%
né le 1er avril 1952 = 2?cent Bolloré 0 (Vincent)
31%
né le 12 août 1981 = Djibril ?é 6 (Cissé)
24%
né le 17 novembre 1942 = Martin Scor1? 6 (Scorsese)
24%
née le 2 février 1947 = Farrah Faw? 7 (Fawcett)
24%
né le 6 août 1961 = Karl ? 0 (Zéro)
22%
né le 10 juin 1977 = Benjamin ?000pied 1 (Millepied)
22%
né le 16 août 1989 = Moussa ?oko 6 (Sissoko)
22%
né le 20 octobre 1925 = Roger Han? 1 (Hanin)
20%
né le 23 mai 1985 = Baptiste Lecapl? 1 (Lecaplain)
20%
né le 4 août 1821 = Louis V?on 8 (Vuitton)
20%
né le 29 janvier 1933 = Sacha 1?tel 0 (Distel)
19%
né le 21 juin 1950 = Gérard Lan2? 0 (Lanvin)
19%
né le 20 juin 1994 = Baptiste Ser? 1 (Serin)
19%
né le 15 octobre 1977 = David 1?eguet 3 (Trezeguet)
19%
né le 10 mai 1969 = Bob ?lar 5 (Sinclar)
19%
née le 12 décembre 1986 = ?ina Patchett 4 (Katrina)
18%
née le 5 juillet 1982 = Sophie A?not 2 (Adenot)
14%
née le 16 août 1958 = Angela Ba? 7 (Bassett)
9%
né le 18 juillet 1981 = Jean ?bert 1 (Imbert)
7%
née le 28 août 1994 = 1? Jabeur 1 (Ons)
7%
né le 3 décembre 1981 = Ioánnis Amanatí1? 0 (Amanatídis)
5%
né le 14 avril 1947 = Dominique Bau1? 0 (Baudis)
5%
né le 21 décembre 1804 = Benjamin 1?raeli 0 (Disraeli)
5%
née le 12 juillet 1980 = 1?00ène Jampanoï 0 (Mylène)
5%
né le 9 décembre 1972 = Fabrice 1?0toro 0 (Santoro)
5%
né le 9 juin 1996 = Benjamin B?1i 1 (Bonzi)
5%
né le 1er janvier 1953 = Philippe ?2te-Blazy 1 (Douste-Blazy)
5%
né le 3 mars 1882 = Charles P1?i 1 (Ponzi)
5%
né le 28 juin 1952 = Jean-Christophe Ruf? 1 (Rufin)
5%
née le 8 juillet 1976 = Odile Vuillem? 1 (Vuillemin)
5%
né le 26 août 1944 = Patrick ?vedjian 2 (Devedjian)
5%
né le 17 décembre 1998 = Martin Ø?gaard 2 (Ødegaard)
5%
né le 15 janvier 1950 = Marius 1?or 3 (Trésor)
5%
née le 15 juillet 1948 = Anne ?lair 5 (Sinclair)
5%
né le 26 juin 1955 = Maxime Bo? 6 (Bossis)
5%
né le 7 novembre 1976 = Mark Philippou? 6 (Philippoussis)
5%
née le 24 décembre 1837 = ?si 6 (Sissi)
5%
né le 9 août 1726 = Francesco ?i 7 (Cetti)
5%
né le 7 février 1978 = Daniel Van B?en 8 (Van Buyten)
5%
né le 9 avril 1971 = Jacques Ville? 9 (Villeneuve)
5%
né le 24 mars 1966 = Christian ?dec 3 (Troadec)
3%
né le 23 mai 1990 = Adrien ?nnens 4 (Quatennens)
3%
né le 27 novembre 1957 = Jean ?mer 4 (Quatremer)
3%
né le 20 mars 1958 = Evelio Ro? 0 (Rosero)
1%
né le 26 avril 1890 = Mykola ?v 0 (Zerov)
1%
né le 22 octobre 1969 = Spike J1? 1 (Jonze)
1%
né à Paris le 16 juin 1782 = Pierre Félix 1?el 3 (Trezel)
1%
né le 7 novembre 1942 = André 2? 3 (Vingt-Trois)
1%
né le 29 janvier 1877 = Georges ?oux 4 (Catroux)
1%
né le 30 juin 1981 = Geoffroy Le? 4 (Lequatre)
1%
né en 1009 ou 1012 = ?an Tabrizi 4 (Qatran)
1%
née le 20 décembre 1947 = Gigliola ?etti 5 (Cinquetti)
1%
né le 15 décembre 1971 = Arne 1? 5 (Quinze)
1%
né le 15 janvier 1906 = Aristote Ona? 6 (Onassis)
1%
né le 18 mars 1905 = Jean 1?nec 6 (Seznec)
1%
née le 27 juin 1998 = ?tine Stallone 6 (Sistine)
1%
né en 1911 = Franco A?o 7 (Assetto)
1%
née le 5 octobre 1970 = Josie Bi? 7 (Bissett)
1%
né le 13 septembre 1944 = Peter ?era 7 (Cetera)
1%
né le 17 septembre 1969 = Matthew ?tle 7 (Settle)
1%
né le 30 octobre 1925 = Charles D?s 8 (Duits)
1%
né le 22 juillet 1980 = Dirk K? 8 (Kuyt)
1%
né le 6 octobre 1959 = Stéphane Le? 9 (Leneuf)
1%
né le 15 mars 1900 = Ernst ?ert 9 (Neufert)
1%
Aucun quiz correspondant
Distribution des résultats
% des personnes avec chaque résultat
Percentile par nombre de réponses
Votre historique - résultats
Vous n’avez pas pris ce quiz